00520nam a22001577a 450000500170000001000150001702000260003203500140005803700090007208200080008124500180008926000570010727001370016430000210030150000400032220250225155414.0 aENG-143834 c450.00a9789367139769 aEN-127366 bDBAD a530 aNEET Physics/ aUtter PradeshbBy Pearson India Education Services  a1st floor, Berger Tower,Plot No. C-001A/2, Sector 16B, NoidabUtter Pradeshe20301k04466540100mcompanysecreetary.india@pearson.com a189vp.c25cm(pb) aA Complete Guide For NEET Aspirants